00302pab a2200133 454500008004000000100002500040245002500065260000900090300001100099362001200110650001100122650002700133773000800160180718b2002 xxu||||| |||| 00| 0 eng d aChakravarti, Mahadev aTribe or indigenous? c2002 ap.1-6. aJan-Mar aTribes aIndigenous populations aTUI